01224nam a22003377a 4500003000500000005001700005008004100022010001000063011001000073035001000083040000900093082001500102100003100117245009200148260003100240300002000271490003200291590004100323590004100364590004100405590004100446590004200487650003300529650003100562830003900593901000700632942001000639949007500649999001700724952014500741CHAP20220329140049.0971013s1979 r 00010 d a46424 a47396 a51538 cCHAP a551.4bT4500aThomas, Michael F.9112852 aTropical geomorphology; a study of weathering and landform development in warn climates aLondon :bMacMillan,c1979 a332 p.b: ilus. aFocal problems in geography aBATCH-UPDb10c20130109lUCH01h2348 aBATCH-UPDb10c20130110lUCH01h1924 aBATCH-UPDb10c20130410lUCH01h1249 aBATCH-UPDb10c20130914lUCH01h1421 aCONVERSIONb10c20130109lUCH01h132514aGeografía física.94759014aTrópicosxClima.91152820 aFocal problems in geography941937 aBK cLIBRO a551.4 T45bBCcLIBROd33724000414066eLIBROgI.125288h64551i51538si c46424d46424 00102ddc4052708GRALaBCbBCcPA_GRALd2019-12-31eI.125288fLIBROl0o551.4 T45p33724000414066r2019-12-31 00:00:00w2019-12-31yLIBRO